| 000 | 00509nam a22001697a 4500 | ||
|---|---|---|---|
| 999 |
_c166436 _d166436 |
||
| 010 | _aENG-126057 | ||
| 020 |
_a978-93-8472-668-3 _c1695.00(hb) |
||
| 035 | _aEN-109589 | ||
| 037 | _bDBAD/PUB | ||
| 082 | _a621.381 | ||
| 100 | _aPanday,O.N. | ||
| 245 |
_aElectronics Engineering _cby O.N.Panday |
||
| 260 |
_aNew Delhi _bAne Books Pvt.Ltd. _c2018 |
||
| 270 | _a4821, Parwana Bhawan 1st Floor 24 Ansari Road, Darya Ganj | ||
| 300 |
_a401 _c23cm(hb) |
||
| 942 |
_2ddc _cEN _ePAN _h621.381 _mPAN |
||